00260nam a2200121Ia 4500008004100000041000800041082001600049100001500065245001800080260000900098365001600107700001500123230718s9999 xx 000 0 und d aeng a355.02bTOL aTolstoy L. aWar And Peace bRupa cRs.b295.00 aTolstoy L.